Statistics for Formula One Drivers: 2020

Click here to take the quiz!

General Stats

  • This quiz has been taken 58 times
  • The average score is 21 of 21

Answer Stats

ConstructorsDrivers% Correct
Alexander Albon
100%
Antonio Giovinazzi
100%
Charles Leclerc
100%
Renault DP WorldDaniel Ricciardo
100%
Daniil Kvyat
100%
Williams F1George Russell
100%
Kevin Magnussen
100%
Alfa RomeoKimi Raikkonen
100%
Lance Stroll
100%
McLarenLando Norris
100%
Mercedes-AMGLewis Hamilton
100%
Aston Martin Red BullMax Verstappen
100%
Nicholas Latifi
100%
Scuderia AlphaTauriPierre Gasly
100%
Haas F1 TeamRomain Grosjean
100%
Scuderia FerrariSebastian Vettel
100%
BWT Racing PointSergio Perez
100%
Valtteri Bottas
100%
Carlos Sainz Jr.
97%
Esteban Ocon
97%
Nico Hulkenberg
91%

Score Distribution

Percentile by Number Answered

Percent of People with Each Score

Your Score History

You have not taken this quiz